បុរសកំណាញ់ / (Record no. 4621)
[ view plain ]
| 000 -LEADER | |
|---|---|
| fixed length control field | 02292nam a22002657a 4500 |
| 001 - CONTROL NUMBER | |
| control field | 4621 |
| 003 - CONTROL NUMBER IDENTIFIER | |
| control field | FISKH |
| 005 - DATE AND TIME OF LATEST TRANSACTION | |
| control field | 20240918110737.0 |
| 008 - FIXED-LENGTH DATA ELEMENTS--GENERAL INFORMATION | |
| fixed length control field | 240918b cb ||||| |||| 00| 0 eng d |
| 040 ## - CATALOGING SOURCE | |
| Original cataloging agency | FISKH |
| Language of cataloging | Bilingual |
| Transcribing agency | FISKH |
| Modifying agency | FISKH |
| 050 ## - LIBRARY OF CONGRESS CALL NUMBER | |
| Classification number | PZ7 |
| 082 ## - DEWEY DECIMAL CLASSIFICATION NUMBER | |
| Classification number | 800 |
| 100 ## - MAIN ENTRY--PERSONAL NAME | |
| Personal name | Anonymous |
| Relator term | author |
| 245 ## - TITLE STATEMENT | |
| Title | បុរសកំណាញ់ / |
| Statement of responsibility, etc. | by Anonymous |
| 300 ## - PHYSICAL DESCRIPTION | |
| Extent | 16 pages : |
| Other physical details | color illustrations ; |
| Dimensions | 22 cm . |
| 505 ## - FORMATTED CONTENTS NOTE | |
| Formatted contents note | H <br/> |
| 520 ## - SUMMARY, ETC. | |
| Summary, etc. | នៅក្នុងតំបន់ដាច់ស្រយាលមួយមានសួនច្បារដ៏ស្រស់ស្អាតមួយជាកម្មសិទ្ធិរបស់បុរសកំប៉ោងម្នាក់ ក្មេងៗតែតែទៅលេងនៅទីនោះ តែបុរសកំប់ោងនោះមិនអោយក្មេងៗលេងទេ ។ គាត់បានសង់ជញ្ជាំងថ្មខ្ពស់ ហើយសរសេរថា ហាមចូល ។ រដូវផ្ការីកបានមកដល់ តែនៅក្នុងសួនច្បារនោះនៅតែជារដូវរងារដដែល ។ទីបំផុតទើបគាត់ដឺងថារុក្ខជាតិទាំងឡាយរីកស្រស់បំព្រងកាលបើឃើញក្មេងៗបានចូលមកលេងវិញ ហើយគាត់ក៏ប្រាប់ទៅក្មេងៗថា សួនច្បារនេះជាំរបស់ពួកឯងហើយ ។ |
| 520 ## - SUMMARY, ETC. | |
| Summary, etc. | In a remote area, there is a beautiful garden owned by a fat man, but the children goes to play there, but the man does not let the children play. He built a high stone wall and wrote that it was forbidden to enter. Spring has arrived, but in the garden it is still winter.He finally realized that the plants were thriving when he saw the children coming back to visit, and he told the children that the garden was yours . |
| 521 8# - TARGET AUDIENCE NOTE | |
| Target audience note | 430 <br/> |
| Source | Lexile estimate <br/> |
| 521 8# - TARGET AUDIENCE NOTE | |
| Target audience note | H <br/> |
| Source | Raz-Plus <br/> |
| 650 ## - SUBJECT ADDED ENTRY--TOPICAL TERM | |
| Topical term or geographic name entry element | សង់ជញ្ជាំងថ្ម |
| Form subdivision | រឿងនិទានកុមារ |
| 650 ## - SUBJECT ADDED ENTRY--TOPICAL TERM | |
| Topical term or geographic name entry element | build stone wall |
| Form subdivision | children's stories |
| 942 ## - ADDED ENTRY ELEMENTS (KOHA) | |
| Source of classification or shelving scheme | Dewey Decimal Classification |
| Koha item type | Khmer Books |
| Suppress in OPAC | No |
| Withdrawn status | Lost status | Source of classification or shelving scheme | Damaged status | Not for loan | Collection | Home library | Current library | Shelving location | Date acquired | Total Checkouts | Full call number | Barcode | Date last seen | Price effective from | Koha item type |
|---|---|---|---|---|---|---|---|---|---|---|---|---|---|---|---|
| Dewey Decimal Classification | Khmer-English Bilingual / ភាសាខ្មែរ-អង់គ្លេស | Footprints International School Library Network Toul Kork Campus | Footprints International School Library Network Toul Tom Poung Campus | TTP Primary Khmer Bookshelves | 09/18/2024 | ANO PZ7 800 | FIS20270 | 05/26/2025 | 09/18/2024 | Khmer Books |
